Obálka
Pro půjčování e-knih musíte být přihlášeni.
Jak si půjčit online?

Pohádky s Hanou Maciuchovou /

Pohádky s Hanou Maciuchovou Skvělá česká herečka, recitátorka a pedagožka HANA MACIUCHOVÁ (*29.11.1945-†26.01.2021) dokázala svým hlasem okouzlit několik generací svých diváků a posluchačů. K jejímu nedožitému výročí narození jsme přichystali nový kompilační titul pro děti - výběr z pohádek, ve kter...

Celý popis

Uloženo v:
Hlavní autor: Zinnerová, Markéta (Autor)
Další autoři: Maciuchová, Hana (Autor)
Médium: E-audiokniha
Vydáno: Praha : Supraphon a.s., 2025
Tagy:
Žádné tagy
LEADER 01611nim a22002777i 4500
001 302478
007 sr nunnnnnnned
024 |a 859692540482 
044 |a xr 
100 1 |a  Zinnerová, Markéta  |4 aut 
245 1 0 |a Pohádky s Hanou Maciuchovou /  |c  Zinnerová, Markéta 
264 1 |a Praha :  |b Supraphon a.s.,  |c 2025 
300 |a 1 online zdroj (1 hod., 10 min., 39 sek.) 
336 |a mluvené slovo  |b spw  |2 rdacontent 
337 |a audio  |b s  |2 rdamedia 
338 |a online zdroj  |b cr  |2 rdacarrier 
505 0 0 |t Nejdek a Holubí pírko (9 min., 1 sek.) 
505 0 0 |t Princezna z třešňového království (23 min., 58 sek.) 
505 0 0 |t Kocour v botách (20 min., 39 sek.) 
505 0 0 |t Krkonošská pohádka 3-Jak Trautenberk kradl zviřátkům zásoby na zimu (17 min., 4 sek.) 
520 2 |a Pohádky s Hanou Maciuchovou Skvělá česká herečka, recitátorka a pedagožka HANA MACIUCHOVÁ (*29.11.1945-†26.01.2021) dokázala svým hlasem okouzlit několik generací svých diváků a posluchačů. K jejímu nedožitému výročí narození jsme přichystali nový kompilační titul pro děti - výběr z pohádek, ve kterých účinkovala nebo byla jedinou vypravěčkou. Titul je určen pouze pro digitální prodej. 
700 1 |a  Maciuchová, Hana  |4 nrt 
910 |a RBIT002 
998 |d 426744  |a https://core.palmknihy.cz/api/books/426744/cover?telfss  |b https://core.palmknihy.cz/api/books/426744/cover/400?telfss  |c https://core.palmknihy.cz/api/books/426744/cover/50?telfss  |e 2026-05-23  |i 859692540482  |l 4239  |q 49  |r 1  |s https://www.palmknihy.cz/kniha/426744  |t audiobook  |y 2025  |z 1 
999 |d 302476